Corpus juris canonici / (Record no. 110528)

MARC details
000 -LEADER
campo de control de longitud fija 00884nam a2200217 i 4500
001 - NÚMERO DE CONTROL
campo de control 110528
003 - IDENTIFICADOR DE NÚMERO DE CONTROL
campo de control ES-MaACL
005 - FECHA Y HORA DE LA ÚLTIMA TRANSACCIÓN
campo de control 20250830111226.0
007 - CAMPO FIJO DE DESCRIPCIÓN FÍSICA--INFORMACIÓN GENERAL
campo de control de longitud fija t|
008 - DATOS DE LONGITUD FIJA--INFORMACIÓN GENERAL
campo de control de longitud fija 070129s1839 gw ||||1| lat d
110 2# - ENTRADA PRINCIPAL--NOMBRE DE ENTIDAD CORPORATIVA
Nombre de entidad corporativa o nombre de jurisdicción como elemento de entrada Iglesia Católica
9 (RLIN) 4639
245 10 - MENCIÓN DEL TÍTULO
Título Corpus juris canonici /
Mención de responsabilidad, etc. post Justi Henningii Boehmeri ; curas brevi adnotatione critica instructum ad exemplar romanum denuo edidit Aemilius Ludovicus Ritcher.
260 ## - PUBLICACIÓN, DISTRIBUCIÓN, ETC.
Lugar de publicación, distribución, etc. Lipsiae :
Nombre del editor, distribuidor, etc. sumpitibus Bernh. Tauchnitz,
Fecha de publicación, distribución, etc. 1839.
300 ## - DESCRIPCIÓN FÍSICA
Extensión 2 v. ;
Dimensiones 29 cm.
505 8# - NOTA DE CONTENIDO CON FORMATO
Nota de contenido con formato Contiene: Pars I. Decretum gratiani -- Pars II. Decretalium collectiones. Canones et decreta sacrosancti oecumenici concilii tridentini
650 17 - PUNTO DE ACCESO ADICIONAL DE MATERIA--TÉRMINO DE MATERIA
Término de materia o nombre geográfico como elemento de entrada Derecho canónico
Fuente del encabezamiento o término embne
9 (RLIN) 11655
700 1# - ENTRADA AGREGADA--NOMBRE PERSONAL
Nombre de persona Böhmer, Justus Henning.
9 (RLIN) 29830
700 1# - ENTRADA AGREGADA--NOMBRE PERSONAL
Nombre de persona Richterm Aemilius Ludwig.
9 (RLIN) 96991
852 ## - LOCALIZACIÓN
Ubicación ES-MaACL
Número de control de estantería B-10947-48
Holdings
Estatus retirado Estado de pérdida Estado de daño No para préstamo Colección Biblioteca de origen Biblioteca actual Ubicación en estantería Fecha de adquisición Fuente de adquisición Total de préstamos Signatura topográfica completa Código de barras Visto por última vez Precio de reemplazo Tipo de ítem Koha
        Libros del s. XIX Biblioteca del Ateneo de Madrid Biblioteca del Ateneo de Madrid Sala Pardo Bazán 17/01/2008     B-10947-48 1115318 23/02/2023 23/02/2023 Libro impreso antiguo